<?xml version="1.0" encoding="UTF-8"?>
<record
    xmlns:xsi="http://www.w3.org/2001/XMLSchema-instance"
    xsi:schemaLocation="http://www.loc.gov/MARC21/slim http://www.loc.gov/standards/marcxml/schema/MARC21slim.xsd"
    xmlns="http://www.loc.gov/MARC21/slim">

  <leader>01680nam a2200373 i 4500</leader>
  <controlfield tag="001">768714001</controlfield>
  <controlfield tag="003">CO-MdFUSB</controlfield>
  <controlfield tag="005">20260417102922.0</controlfield>
  <controlfield tag="007">ta</controlfield>
  <controlfield tag="008">241118t2013    -us||||| |||| 001 0 spa d</controlfield>
  <datafield tag="020" ind1=" " ind2=" ">
    <subfield code="a">9781621364221</subfield>
  </datafield>
  <datafield tag="040" ind1=" " ind2=" ">
    <subfield code="b">spa.</subfield>
    <subfield code="a">CO-MdFUSB</subfield>
    <subfield code="c">CO-MdFUSB</subfield>
    <subfield code="d">CO-MdFUSBC</subfield>
    <subfield code="e">rda</subfield>
  </datafield>
  <datafield tag="041" ind1=" " ind2=" ">
    <subfield code="a">spa</subfield>
    <subfield code="h">eng</subfield>
  </datafield>
  <datafield tag="082" ind1=" " ind2=" ">
    <subfield code="2">23</subfield>
    <subfield code="a">236</subfield>
    <subfield code="b">W651  </subfield>
  </datafield>
  <datafield tag="100" ind1=" " ind2=" ">
    <subfield code="a">Wiese, Bill,</subfield>
    <subfield code="e">autor</subfield>
  </datafield>
  <datafield tag="240" ind1=" " ind2=" ">
    <subfield code="a">What happens when I die?</subfield>
  </datafield>
  <datafield tag="245" ind1=" " ind2=" ">
    <subfield code="a">&#xBF;Qu&#xE9; sucede cuando muero?</subfield>
    <subfield code="c">/ Bill Wiese</subfield>
  </datafield>
  <datafield tag="264" ind1=" " ind2="1">
    <subfield code="a">Lake Mary, Florida : </subfield>
    <subfield code="b">Casa Creaci&#xF3;n,</subfield>
    <subfield code="c">[2013]</subfield>
  </datafield>
  <datafield tag="264" ind1=" " ind2="4">
    <subfield code="c">&#xA9;2013</subfield>
  </datafield>
  <datafield tag="300" ind1=" " ind2=" ">
    <subfield code="a">208 p&#xE1;ginas</subfield>
    <subfield code="c">; 22 cm</subfield>
  </datafield>
  <datafield tag="336" ind1=" " ind2=" ">
    <subfield code="2">rdacontent</subfield>
    <subfield code="a">texto</subfield>
    <subfield code="b">txt</subfield>
  </datafield>
  <datafield tag="337" ind1=" " ind2=" ">
    <subfield code="2">rdamedia</subfield>
    <subfield code="a">sin mediaci&#xF3;n</subfield>
    <subfield code="b">n</subfield>
  </datafield>
  <datafield tag="338" ind1=" " ind2=" ">
    <subfield code="2">rdacarrier</subfield>
    <subfield code="a">volumen</subfield>
    <subfield code="b">nc</subfield>
  </datafield>
  <datafield tag="500" ind1=" " ind2=" ">
    <subfield code="a">Incluye &#xED;ndice</subfield>
  </datafield>
  <datafield tag="505" ind1=" " ind2=" ">
    <subfield code="a">&#xA1;Me fui en tres segundos!-- &#xBF;Por qu&#xE9; debo ir al cielo?-- &#xBF;Qu&#xE9; es la verdad?-- &#xBF;Informado o ignorante?-- Experiencias cercanas a la muerte.-- Experiencias de muerte cl&#xED;nica.-- Sue&#xF1;os y visiones de la vida despu&#xE9;s de la muerte.-- &#xBF;Cree en un m&#xE1;s all&#xE1;?-- &#xA1;Dios no se rinde!-- &#xA1;Los "muertos" podr&#xED;an decirnos una cosa o dos!-- Lo que nos dicen las religiones.-- &#xBF;Por qu&#xE9; el cristianismo es &#xFA;nico?-- &#xBF;Qu&#xE9; dice la Biblia sobre el infierno?-- &#xBF;Ha invertido en el cielo?-- &#xA1;Perder la vida para encontrarla!-- &#xBF;Son realmente mis propias palabras?-- El bautismo: &#xBF;Es un requisito?.</subfield>
  </datafield>
  <datafield tag="563" ind1=" " ind2=" ">
    <subfield code="a">R&#xFA;stico</subfield>
  </datafield>
  <datafield tag="650" ind1=" " ind2="0">
    <subfield code="a">Muerte</subfield>
    <subfield code="9">1613</subfield>
  </datafield>
  <datafield tag="653" ind1=" " ind2=" ">
    <subfield code="a">Vida despu&#xE9;s de la muerte &#x2014; Cristianismo  </subfield>
  </datafield>
  <datafield tag="653" ind1=" " ind2=" ">
    <subfield code="a">Cielo &#x2014; Cristianismo</subfield>
  </datafield>
  <datafield tag="653" ind1=" " ind2=" ">
    <subfield code="a"> Infierno &#x2014; Cristianismo</subfield>
  </datafield>
  <datafield tag="653" ind1=" " ind2=" ">
    <subfield code="a">Salvaci&#xF3;n &#x2014; Cristianismo</subfield>
  </datafield>
  <datafield tag="942" ind1=" " ind2=" ">
    <subfield code="c">BK</subfield>
  </datafield>
  <datafield tag="945" ind1=" " ind2=" ">
    <subfield code="a">Catherine Arias Alvarez</subfield>
  </datafield>
  <datafield tag="952" ind1=" " ind2=" ">
    <subfield code="0">0</subfield>
    <subfield code="1">0</subfield>
    <subfield code="2">ddc</subfield>
    <subfield code="3">0</subfield>
    <subfield code="4">0</subfield>
    <subfield code="7">0</subfield>
    <subfield code="8">GEN</subfield>
    <subfield code="a">FUSBC</subfield>
    <subfield code="b">FUSBC</subfield>
    <subfield code="d">2024-11-18</subfield>
    <subfield code="l">0</subfield>
    <subfield code="o">G 236  W651q</subfield>
    <subfield code="p">25303</subfield>
    <subfield code="r">2024-11-18 00:00:00</subfield>
    <subfield code="t">Ej. 1</subfield>
    <subfield code="w">2024-11-18</subfield>
    <subfield code="y">BK</subfield>
    <subfield code="B">0</subfield>
    <subfield code="k">2</subfield>
  </datafield>
  <datafield tag="999" ind1=" " ind2=" ">
    <subfield code="c">71220</subfield>
    <subfield code="d">71220</subfield>
  </datafield>
</record>
